000 00515nam a22001817a 4500
999 _c172859
_d172859
005 20200214102715.0
010 _aA-245069
020 _c75.00
035 _aA-245069
037 _bBPPD/Pub.
082 _a920
100 _aامیر علی
245 _aتزکرہ مرشیہ نگاران اردو /
_cامیر علی
246 _aTazkirah Marsiyah Nigharin Urdu /
_bby Ameer Ali
260 _a-
_bMirza Amir Ali
_c1985 ء
300 _a556p.
_c21cm(Hb)
942 _2ddc
_cUR
_h920
_mا م ی